Responses for Show #6036 - Monday, December 6, 2010

Contestants

[<< previous game]

Will Durbin, a general litigation attorney from Washington, D.C.

Christina Barley, a certified surgical technician from Newport News, Virginia

Josh Powell, a phone-based health coach from San Diego, California (whose 1-day cash winnings total $2,100)

[next game >>]

Jeopardy! Round responses

HAPPY TRAILS
MOVIE VERBS
WELL, I NEVER!
RACCOONS
WHAT THE "H"
THE ANHEUSER- BUSCH BREWERY
    $200 12
the Santa Fe Trail

Will
    $200 2
bend

Josh
    $200 23
Hugh Hefner

Josh
    $200 6
the tail

Josh
    $200 7
a hump

Josh
    $200 16
fermentation

Christina
    $400 13
the Appalachian Trail

Will
    $400 3
dances

Will
    $400 24
Apollo 13

Christina
    $400 22
pepper

Josh
    $400 8
a hole in one

Josh
    $400 17
pasteurization

Christina
    $600 14
Texas

Christina
    $600 4
How to Marry a Millionaire

Christina
    $600 25
a flapper

Will
    $600 28
rabies

Will
    $600 9
the Highland Fling

Triple Stumper
    $600 18
Prohibition

Will
    $800 15
missions

Josh
    $800 5
fall

Will
    $800 26
the wolverine

Josh
    $800 29
the Yucatán peninsula

Christina
    $800 10
the Home Office

Christina
    $800 19
(Alex: Yeah, you know, for an athlete, you know an awful lot about beer!)
[Laughter]

hops

Christina
    $1000 21
the Sioux

Triple Stumper
    $1000 1
can wait

Will
    $1000 27
Speaker of the House

Will
    $1000 30
the grizzly bear

Triple Stumper
    $1000 11
(Christina: What is Hindu?)

Hindi

JoshChristina
    $2,400 20
(Christina: What is oak?)
(Alex: No, they say [*]wood aged.)

beech

Christina

Scores at the first commercial break (after clue 15):

Josh Christina Will
$2,800 $1,000 $2,800

Scores at the end of the Jeopardy! Round:

Josh Christina Will
$4,200 $1,200 $5,600

Double Jeopardy! Round responses

PAINTERS
MAYOR PLAYER
THE FRONTIER STOREKEEPER
(Alex: We'll go shopping.)
CHRIS & TELL
(Alex: We want the current country for...)
NATIONS' FOUNDING FATHERS
WHAT HAPPENED TO THE "MOTHER"s?
    $400 1
Goya

Christina
    $400 11
(Christina: What is The Grinch? The Grinch that Stole Christmas?)

How the Grinch Stole Christmas!

JoshChristina
    $400 13
salt

Christina
    $400 12
angels

Josh
    $400 21
China

Triple Stumper
    $400 5
the motherboard

Josh
    $800 2
(Will: Who is Frida Kahlo?)

Mary Cassatt

Will
Triple Stumper
    $800 24
Giuliani

Josh
    $800 14
Christopher Buckley

Will
    $800 20
(Josh: What is Liberia?)

Haiti

JoshWill
    $800 6
mother-of-pearl

Christina
    $1200 3
(Josh: Who is Bruegel?)

Holbein

JoshChristina
    $1200 25
Ghostbusters

Will
    $1200 28
oatmeal

Christina
    $3,000 15
(Will: What is Me-ism?)

Narcissism

Will
    $1200 19
Poland

Will
    $1,200 7
Mother Teresa

Christina
    $1600 4
Bruegel

Josh
    $1600 23
Twin Peaks

Josh
    $1600 27
tack

Will
    $1600 16
Chris Van Allsburg

Triple Stumper
    $1600 18
the Netherlands

Christina
    $1600 8
a mother ship

Christina
    $2000 10
(Alex: And that would be the American [*].)

John Singer Sargent

Triple Stumper
    $2000 22
(Josh: Who is Harvey Milk?)
[Josh lowers his head to the lectern just before Alex reveals the correct response]

George Moscone

Josh
Triple Stumper
    $2000 26
(Will: What is a patent?... What is [*]?)

a patent medicine

Will
    $2000 29
[The end-of-round signal sounds.]

Christopher Isherwood

Triple Stumper
    $2000 17
Pakistan

Triple Stumper
    $2000 9
mother-in-law

Christina

Scores at the end of the Double Jeopardy! Round:

Josh Christina Will
$5,400 $11,200 $9,400

[wagering suggestions for these scores]

Final Jeopardy! Round responses

THE BIBLE
(Alex: Had to be specific now, it's not enough to say "a miracle".)
JoshWhat is raising the dead?
$5,000
WillWhat is turning water to wine?
$9,398
ChristinaWhat is heal the sick
$7,600
raising the dead

Final scores:

Josh Christina Will
$10,400 $3,600 $2
2-day champion: $12,500 2nd place: $2,000 3rd place: $1,000

Game dynamics:

Coryat scores:

Josh Christina Will
$5,400 $13,600 $12,400
15 R,
3 W
17 R
(including 1 DD),
3 W
(including 1 DD)
15 R,
2 W
(including 1 DD)

Combined Coryat: $31,400

[game clues] [game scores] [suggest correction]

Game tape date: 2010-09-14
The J! Archive is created by fans, for fans. Scraping, republication, monetization, and malicious use prohibited; this site may use cookies and collect identifying information. See terms. The Jeopardy! game show and all elements thereof, including but not limited to copyright and trademark thereto, are the property of Jeopardy Productions, Inc. and are protected under law. This website is not affiliated with, sponsored by, or operated by Jeopardy Productions, Inc. Join the discussion at JBoard.tv.